[Event "4NCL Division 3 North"]
[Site "Bolton, ENG"]
[Date "2019.05.04"]
[Round "9.12"]
[White "Bentley, John L"]
[Black "Townsend, M Paul"]
[Result "1/2-1/2"]
[WhiteElo "2142"]
[BlackElo "2224"]
[PlyCount "65"]
[EventDate "2019.05.04"]
[WhiteTeam "3Cs 2"]
[BlackTeam "White Rose 2"]

1. d4 Nf6 2. c4 e6 3. Nf3 d5 4. g3 Be7 5. Bg2 O-O 6. O-O c6 7. Nc3 Nbd7 8. b3
b6 9. Qc2 Bb7 10. e4 c5 11. cxd5 exd5 12. exd5 Nxd5 13. Nxd5 Bxd5 14. Bb2 Rc8
15. Rad1 c4 16. Qf5 Nf6 17. bxc4 Rxc4 18. Rfe1 Rc7 19. Re5 Qa8 20. Nh4 Bxg2 21.
Nxg2 g6 22. Qd3 Nd5 23. Qe4 Rd8 24. Ne3 Nxe3 25. Qxe3 Bf6 26. d5 Rc5 27. Qf4
Bg7 28. Re7 Rf8 29. Bxg7 Kxg7 30. d6 Rd5 31. Rc1 Kg8 32. h4 Qd8 33. Rcc7
1/2-1/2

[Event "4NCL Division 3 North"]
[Site "Bolton, ENG"]
[Date "2019.05.04"]
[Round "9.13"]
[White "Weller, Jean-Luc"]
[Black "Lea, Daniel J"]
[Result "1-0"]
[WhiteElo "2241"]
[BlackElo "2102"]
[PlyCount "109"]
[EventDate "2019.05.04"]
[WhiteTeam "White Rose 2"]
[BlackTeam "3Cs 2"]

1. d4 d5 2. c4 e6 3. Nc3 Nf6 4. cxd5 exd5 5. Bg5 Nbd7 6. e3 Be7 7. Bd3 c6 8.
Qc2 h6 9. Bh4 O-O 10. Nge2 Re8 11. f3 c5 12. O-O b6 13. Rad1 Bb7 14. Bf5 Nh5
15. Bf2 g6 16. Bh3 Nf8 17. dxc5 Bxc5 18. e4 Bxf2+ 19. Rxf2 Qc7 20. exd5 Rad8
21. Qd2 Qc5 22. Qd4 Qxd4 23. Rxd4 Rd6 24. Nf4 Nxf4 25. Rxf4 Re1+ 26. Rf1 Rxf1+
27. Kxf1 g5 28. Ra4 a6 29. Bf5 b5 30. Rd4 Kg7 31. Kf2 Ne6 32. Bxe6 fxe6 33. Ke3
Bxd5 34. Nxd5 exd5 35. Rd2 Kf6 36. Kd4 Rd8 37. Re2 Rd7 38. b3 h5 39. g3 Rd8 40.
Re5 Rc8 41. Rxd5 Rc2 42. Rd6+ Kf5 43. Rxa6 Rxh2 44. Ra5 Kf6 45. a3 Rf2 46. Ke3
Ra2 47. f4 g4 48. Rxb5 Rxa3 49. Ke4 Kg6 50. Rb6+ Kg7 51. f5 Ra1 52. Kf4 Rf1+
53. Kg5 Rf3 54. Rb7+ Kf8 55. f6 1-0

[Event "4NCL Division 3 North"]
[Site "Bolton, ENG"]
[Date "2019.05.04"]
[Round "9.14"]
[White "Burton, Graham P"]
[Black "Dunworth, Christopher N"]
[Result "1/2-1/2"]
[WhiteElo "2072"]
[BlackElo "2232"]
[PlyCount "55"]
[EventDate "2019.05.04"]
[WhiteTeam "3Cs 2"]
[BlackTeam "White Rose 2"]

1. e4 Nf6 2. e5 Ng8 3. Nf3 d5 4. d4 Bg4 5. Be2 e6 6. O-O c5 7. c3 Nc6 8. Nbd2
cxd4 9. Nxd4 Bxe2 10. Qxe2 Nxd4 11. cxd4 Qb6 12. Nf3 Ne7 13. Be3 Nc6 14. Rac1
Be7 15. Rc3 a6 16. Rb3 Qc7 17. Rc1 O-O 18. h4 f5 19. g3 h6 20. Rbc3 Rac8 21.
Ne1 Qd8 22. Ng2 Qe8 23. Nf4 Bd8 24. h5 Bg5 25. Ng6 Bxe3 26. Qxe3 Rf7 27. b4 Rb8
28. Qd3 1/2-1/2

[Event "4NCL Division 3 North"]
[Site "Bolton, ENG"]
[Date "2019.05.04"]
[Round "9.15"]
[White "Gayson, Peter M"]
[Black "Ye, Kevin"]
[Result "0-1"]
[WhiteElo "2125"]
[BlackElo "1990"]
[PlyCount "76"]
[EventDate "2019.05.04"]
[WhiteTeam "White Rose 2"]
[BlackTeam "3Cs 2"]

1. e4 e5 2. Nf3 Nc6 3. Bb5 a6 4. Ba4 Nf6 5. O-O Be7 6. Re1 b5 7. Bb3 O-O 8. a4
b4 9. d4 d6 10. h3 Bb7 11. c3 a5 12. Nbd2 h6 13. Nf1 Re8 14. Ng3 Bf8 15. Qd3
Na7 16. Bd2 c5 17. Rad1 Qc7 18. Nh4 Nc6 19. Nhf5 Ne7 20. dxe5 dxe5 21. Bc4 Nxf5
22. Nxf5 Rad8 23. Qf3 Qb6 24. Qg3 Nxe4 25. Rxe4 Bxe4 26. Nxh6+ Kh7 27. Qh4 gxh6
28. Qxe4+ Qg6 29. Qb7 Re7 30. Qf3 Red7 31. Bb3 Rxd2 32. Rxd2 Rxd2 33. Bxf7 Qg5
34. Be6 Qf4 35. Qb7+ Kg6 36. f3 c4 37. Bd5 Bc5+ 38. Kf1 Rd1+ 0-1

[Event "4NCL Division 3 North"]
[Site "Bolton, ENG"]
[Date "2019.05.04"]
[Round "9.16"]
[White "Gittens, Nathan L"]
[Black "Shaw, Peter"]
[Result "1-0"]
[WhiteElo "1975"]
[BlackElo "2096"]
[PlyCount "89"]
[EventDate "2019.05.04"]
[WhiteTeam "3Cs 2"]
[BlackTeam "White Rose 2"]

1. d4 f5 2. c4 e6 3. g3 Nf6 4. Bg2 Be7 5. Nc3 O-O 6. Nf3 d6 7. O-O Ne4 8. Qb3
Nxc3 9. bxc3 Nc6 10. d5 Na5 11. Qa4 c5 12. dxc6 Nxc6 13. Nd4 Ne5 14. Rb1 Bd7
15. Qb3 Rb8 16. c5 dxc5 17. Bf4 cxd4 18. cxd4 Nc6 19. Bxb8 Qxb8 20. Qxb7 Qd6
21. d5 Rb8 22. dxc6 Rxb7 23. cxb7 Qb8 24. Rfd1 Ba4 25. Rbc1 Qe5 26. Rc8+ Kf7
27. b8=Q Qxb8 28. Rxb8 Bxd1 29. Rb7 a5 30. Kf1 Kf6 31. Ke1 Ba4 32. Kd2 g5 33.
Kc3 g4 34. e4 Bc5 35. f4 gxf3 36. Bxf3 h6 37. Kd3 Bg1 38. Rb2 Ke5 39. exf5 exf5
40. Re2+ Kf6 41. Kc4 Bd7 42. Kd5 Ba7 43. Kd6 Bc8 44. Re8 Ba6 45. Re6+ 1-0

[Event "4NCL Division 3 North"]
[Site "Bolton, ENG"]
[Date "2019.05.04"]
[Round "9.21"]
[White "Rawlinson, Aidan M"]
[Black "Rutter, Nick J"]
[Result "1/2-1/2"]
[WhiteElo "2177"]
[BlackElo "2297"]
[PlyCount "108"]
[EventDate "2019.05.04"]
[WhiteTeam "Manchester Manticores 2"]
[BlackTeam "Shropshire 1"]

1. d4 d5 2. c4 c6 3. Nf3 Nf6 4. e3 Bg4 5. h3 Bh5 6. g4 Bg6 7. Ne5 e6 8. Nc3 Bb4
9. a3 Ba5 10. b4 Bc7 11. Bg2 dxc4 12. Nxg6 hxg6 13. Qe2 Nd5 14. Qxc4 O-O 15. e4
Nxc3 16. Qxc3 a5 17. Bb2 axb4 18. axb4 Rxa1+ 19. Bxa1 Nd7 20. O-O Qe7 21. b5
Rc8 22. bxc6 bxc6 23. f4 Bb6 24. Kh1 Nf6 25. d5 Qd7 26. d6 c5 27. Bf3 Qb5 28.
Rd1 Rd8 29. g5 Ne8 30. e5 Qa4 31. Qe3 Nc7 32. Kg2 Nd5 33. Qe4 Qxe4 34. Bxe4
Ne3+ 35. Kf3 Nxd1 36. Ke2 c4 37. Kxd1 Be3 38. Bc3 Bxf4 39. Ba5 Rf8 40. h4 Bxe5
41. d7 Bg3 42. Kd2 Bxh4 43. d8=Q Rxd8+ 44. Bxd8 Kf8 45. Bc6 f6 46. gxf6 gxf6
47. Kc3 Kf7 48. Kxc4 Bf2 49. Kd3 g5 50. Bd7 Bc5 51. Ke4 Be7 52. Bb6 Bd6 53. Bd8
g4 54. Kd4 Be7 1/2-1/2

[Event "4NCL Division 3 North"]
[Site "Bolton, ENG"]
[Date "2019.05.04"]
[Round "9.22"]
[White "Whyte, Brian G"]
[Black "Celinski, Kamil"]
[Result "1-0"]
[WhiteElo "2072"]
[BlackElo "2177"]
[PlyCount "95"]
[EventDate "2019.05.04"]
[WhiteTeam "Shropshire 1"]
[BlackTeam "Manchester Manticores 2"]

1. Nf3 Nf6 2. c4 g6 3. Nc3 Bg7 4. e4 d6 5. d4 O-O 6. Be2 c5 7. O-O cxd4 8. Nxd4
Nc6 9. Be3 Bd7 10. Rc1 Rc8 11. f3 a6 12. Qd2 Re8 13. Rfd1 h5 14. Qe1 Nh7 15.
Qf2 Ne5 16. b3 Qa5 17. b4 Qxb4 18. Nd5 Qa5 19. Bf1 Ba4 20. Nb3 Bxb3 21. axb3
Nd7 22. b4 Qd8 23. c5 e6 24. Nc3 dxc5 25. bxc5 Qe7 26. Na4 Ne5 27. Nb6 Rcd8 28.
h3 Nc6 29. Nc4 Rxd1 30. Rxd1 Rd8 31. Rxd8+ Qxd8 32. Nd6 Qd7 33. f4 Nf6 34. Qc2
Qc7 35. Qb1 Nd8 36. Be2 Bf8 37. e5 Nd5 38. Qc1 Nc6 39. Bf3 Ncb4 40. Bd2 Nd3 41.
Qc4 Nxc5 42. Bxd5 exd5 43. Qxd5 b5 44. f5 gxf5 45. Ne8 Qe7 46. Nf6+ Kh8 47. Qf3
Bh6 48. Qxh5 1-0

[Event "4NCL Division 3 North"]
[Site "Bolton, ENG"]
[Date "2019.05.04"]
[Round "9.23"]
[White "Furness, Robert M"]
[Black "Higgie, Charles L"]
[Result "1-0"]
[WhiteElo "2057"]
[BlackElo "2005"]
[PlyCount "69"]
[EventDate "2019.05.04"]
[WhiteTeam "Manchester Manticores 2"]
[BlackTeam "Shropshire 1"]

1. c4 e5 2. Nc3 c5 3. g3 Nc6 4. Bg2 g6 5. a3 Bg7 6. Rb1 d6 7. b4 cxb4 8. axb4
Be6 9. d3 Qd7 10. e3 Nf6 11. h3 O-O 12. Nf3 h6 13. Qc2 a5 14. bxa5 Rxa5 15. Bd2
Ra7 16. g4 Rfa8 17. O-O d5 18. c5 d4 19. exd4 exd4 20. Nb5 Ra2 21. Qc1 g5 22.
Nd6 R8a7 23. Re1 Nd5 24. Ne4 R7a3 25. Nd6 Nd8 26. Ne5 Bxe5 27. Rxe5 Rxd3 28.
Bxg5 Rc3 29. Qe1 hxg5 30. Rxg5+ Kf8 31. Rxd5 Bxd5 32. Bxd5 Rxh3 33. Qe4 Rh4 34.
Nf5 Rh7 35. Bxa2 1-0

[Event "4NCL Division 3 North"]
[Site "Bolton, ENG"]
[Date "2019.05.04"]
[Round "9.24"]
[White "Bryant, Richard B E"]
[Black "Hymer, Barry"]
[Result "0-1"]
[WhiteElo "1967"]
[BlackElo "2042"]
[PlyCount "74"]
[EventDate "2019.05.04"]
[WhiteTeam "Shropshire 1"]
[BlackTeam "Manchester Manticores 2"]

1. e4 d6 2. d4 g6 3. Nc3 Bg7 4. Be3 a6 5. Nf3 b5 6. Bd3 Bb7 7. O-O e6 8. a4 b4
9. Ne2 Nf6 10. Ng3 a5 11. c3 O-O 12. Bg5 h6 13. Bd2 c5 14. Re1 Nc6 15. Qe2 Nd7
16. dxc5 dxc5 17. Rad1 Nce5 18. Nxe5 Nxe5 19. Bb5 Qh4 20. f4 Ng4 21. Nf1 Rfd8
22. h3 Nf6 23. Qc4 Rac8 24. Ba6 Bxa6 25. Qxa6 Nh5 26. Qxa5 Rxd2 27. Nxd2 Nxf4
28. Qa6 Qg3 29. Re2 Rd8 30. Kf1 bxc3 31. Qa5 Rxd2 32. Rexd2 cxd2 33. Qd8+ Kh7
34. Rxd2 Bd4 35. Qf8 Qe3 36. Qxf7+ Bg7 37. Rd8 Qe2+ 0-1

[Event "4NCL Division 3 North"]
[Site "Bolton, ENG"]
[Date "2019.05.04"]
[Round "9.25"]
[White "Lyth, John D"]
[Black "Gostelow, David W"]
[Result "1/2-1/2"]
[WhiteElo "2042"]
[BlackElo "1922"]
[PlyCount "32"]
[EventDate "2019.05.04"]
[WhiteTeam "Manchester Manticores 2"]
[BlackTeam "Shropshire 1"]

1. d4 d5 2. Nf3 Nf6 3. c4 c6 4. Nc3 Qb6 5. cxd5 cxd5 6. g3 Bf5 7. Bg2 Nc6 8.
O-O e6 9. Na4 Qb5 10. Bf4 Be7 11. Rc1 O-O 12. Ne5 Rac8 13. Nxc6 Rxc6 14. Rxc6
Qxc6 15. Nc3 Rc8 16. Qb3 h6 1/2-1/2

[Event "4NCL Division 3 North"]
[Site "Bolton, ENG"]
[Date "2019.05.04"]
[Round "9.26"]
[White "Bennion, David"]
[Black "Webster, Richard J"]
[Result "0-1"]
[WhiteElo "1930"]
[BlackElo "1997"]
[PlyCount "130"]
[EventDate "2019.05.04"]
[WhiteTeam "Shropshire 1"]
[BlackTeam "Manchester Manticores 2"]

1. e4 e6 2. d4 d5 3. exd5 exd5 4. Bd3 Bd6 5. Nf3 Ne7 6. O-O O-O 7. Ng5 Bf5 8.
Bxf5 Nxf5 9. Nxh7 Qh4 10. f4 Qxh7 11. Rf3 Nd7 12. Rh3 Qg6 13. g4 Nxd4 14. Be3
Nxc2 15. f5 Nxe3 16. Rxe3 Qh6 17. Re2 Rae8 18. Nc3 Rxe2 19. Qxe2 c6 20. Re1
Qxh2+ 21. Qxh2 Bxh2+ 22. Kxh2 Rd8 23. g5 Kf8 24. Kg3 f6 25. g6 Ne5 26. Ne2 d4
27. Nf4 Kg8 28. Ne6 Rd6 29. Nc5 b6 30. Ne4 Rd8 31. Nd2 c5 32. b3 Kf8 33. Rh1
Nc6 34. Rh8+ Ke7 35. Rh7 Rg8 36. Kf4 Nb4 37. Nf1 Nxa2 38. Ng3 Nc1 39. Nh5 Nd3+
40. Kg3 Ne5 41. Nxg7 Kd6 42. Nh5 Nxg6 43. fxg6 Rxg6+ 44. Kf3 a5 45. Rb7 Kc6 46.
Rf7 Kb5 47. Nf4 Rh6 48. Nd3 a4 49. bxa4+ Kxa4 50. Ra7+ Kb5 51. Rd7 Kc4 52. Nf4
b5 53. Ke2 b4 54. Ra7 Rh2+ 55. Kd1 Rf2 56. Ne6 d3 57. Ra5 Rf5 58. Kd2 b3 59.
Ra4+ Kb5 60. Ra8 Re5 61. Nc7+ Kc6 62. Ne8 b2 63. Rc8+ Kd7 64. Rb8 Rxe8 65. Rb6
Kc7 0-1

[Event "4NCL Division 3 North"]
[Site "Bolton, ENG"]
[Date "2019.05.04"]
[Round "9.31"]
[White "Bennett, Patrick"]
[Black "Richardson, Alex"]
[Result "1/2-1/2"]
[WhiteElo "1997"]
[BlackElo "2131"]
[PlyCount "79"]
[EventDate "2019.05.04"]
[WhiteTeam "Holmes Chapel"]
[BlackTeam "Cheddleton 2"]

1. d4 Nf6 2. Nc3 d5 3. Bf4 e6 4. e3 Bd6 5. Bg3 a6 6. Bd3 c5 7. dxc5 Bxc5 8. Nf3
Nc6 9. O-O Bd6 10. Bxd6 Qxd6 11. e4 d4 12. Ne2 O-O 13. c3 e5 14. cxd4 exd4 15.
h3 b5 16. Ng3 Re8 17. Re1 g6 18. Qd2 Nd7 19. Qg5 f6 20. Qd5+ Qxd5 21. exd5
Rxe1+ 22. Rxe1 Nb4 23. Bb1 Bb7 24. a3 Nxd5 25. Nxd4 Nc5 26. Ba2 Kg7 27. Ne6+
Nxe6 28. Rxe6 Rd8 29. Ne4 f5 30. Nc5 Bc8 31. Re1 Nf6 32. Re7+ Kh6 33. Rc7 f4
34. Rc6 Nh5 35. Nxa6 Ng3 36. fxg3 fxg3 37. Bb3 Bxa6 38. Rc3 Rd2 39. Rxg3 Rxb2
40. Bd5 1/2-1/2

[Event "4NCL Division 3 North"]
[Site "Bolton, ENG"]
[Date "2019.05.04"]
[Round "9.32"]
[White "Acey, Gerald"]
[Black "Doran, Chris"]
[Result "1-0"]
[WhiteElo "2102"]
[BlackElo "1965"]
[PlyCount "101"]
[EventDate "2019.05.04"]
[WhiteTeam "Cheddleton 2"]
[BlackTeam "Holmes Chapel"]

1. d4 Nf6 2. Bg5 Ne4 3. Bf4 c5 4. f3 Qa5+ 5. c3 Nf6 6. d5 e6 7. e4 exd5 8. exd5
d6 9. Na3 Be7 10. Qd2 O-O 11. c4 Qb6 12. Bd3 Na6 13. Ne2 Nb4 14. O-O Nxd3 15.
Qxd3 Nh5 16. Bd2 g6 17. g4 Ng7 18. Bc3 Bd7 19. Rae1 Bh4 20. Rb1 Rae8 21. Kg2 f5
22. h3 Qd8 23. Ng3 h5 24. b4 b6 25. Nb5 Bxb5 26. cxb5 Bf6 27. Rbe1 h4 28. Bxf6
Qxf6 29. Ne2 Qe5 30. bxc5 bxc5 31. Rf2 Re7 32. Rd1 Ne8 33. a4 Nf6 34. Qc3 fxg4
35. hxg4 h3+ 36. Kh1 Qxc3 37. Nxc3 Nxg4 38. Rff1 Ne3 39. Rde1 Rfe8 40. Rg1 Kf7
41. Ne4 Nf5 42. Ng5+ Kf6 43. Ne4+ Kg7 44. Rg5 Nd4 45. Reg1 Rxe4 46. Rxg6+ Kf7
47. fxe4 Rxe4 48. Rxd6 Ne2 49. Rf1+ Ke7 50. Rg6 Nf4 51. Rg4 1-0

[Event "4NCL Division 3 North"]
[Site "Bolton, ENG"]
[Date "2019.05.04"]
[Round "9.33"]
[White "Turner, John M"]
[Black "Floresc, Petru"]
[Result "1-0"]
[WhiteElo "1993"]
[BlackElo "1967"]
[PlyCount "119"]
[EventDate "2019.05.04"]
[WhiteTeam "Holmes Chapel"]
[BlackTeam "Cheddleton 2"]

1. e4 e5 2. Nf3 Nc6 3. Nc3 Nf6 4. Bb5 a6 5. Bxc6 dxc6 6. Nxe5 Bd6 7. Nf3 Qe7 8.
O-O O-O 9. Re1 Bg4 10. h3 Bxf3 11. Qxf3 Qe5 12. g3 Nd7 13. d3 f5 14. Bf4 fxe4
15. Qg2 Qh5 16. Bxd6 cxd6 17. Rxe4 Ne5 18. f4 Ng6 19. Rae1 d5 20. Re6 Rad8 21.
Kh2 Qf5 22. R6e2 h5 23. h4 Qc8 24. Nd1 Rf7 25. Nf2 Rdf8 26. Nh3 Qg4 27. Re8
Rxe8 28. Rxe8+ Rf8 29. Re1 Rf6 30. Qe2 Qxe2+ 31. Rxe2 Kf8 32. Ng5 Rd6 33. Re6
Rxe6 34. Nxe6+ Kf7 35. Nd8+ Kf6 36. Kg2 Ne7 37. Nxb7 Nf5 38. Kf2 Nd4 39. c3 Ne6
40. d4 g6 41. Kf3 Ke7 42. Nc5 Nxc5 43. dxc5 Kf6 44. g4 Ke6 45. b4 hxg4+ 46.
Kxg4 d4 47. cxd4 Kd5 48. f5 gxf5+ 49. Kxf5 Kxd4 50. h5 Kc4 51. h6 Kxb4 52. h7
Kxc5 53. h8=Q Kc4 54. Qg8+ Kd4 55. Qc8 c5 56. Qxa6 c4 57. Qd6+ Ke3 58. Qc5+ Kd3
59. Qd5+ Kc3 60. Ke4 1-0

[Event "4NCL Division 3 North"]
[Site "Bolton, ENG"]
[Date "2019.05.04"]
[Round "9.34"]
[White "Edwards, Simon R"]
[Black "Mills, Colin J"]
[Result "1/2-1/2"]
[WhiteElo "1972"]
[BlackElo "1735"]
[PlyCount "157"]
[EventDate "2019.05.04"]
[WhiteTeam "Cheddleton 2"]
[BlackTeam "Holmes Chapel"]

1. e4 c5 2. Nf3 Nc6 3. d4 cxd4 4. Nxd4 e5 5. Nb5 a6 6. Nd6+ Bxd6 7. Qxd6 Qf6 8.
Qxf6 Nxf6 9. Nc3 Nb4 10. Bd3 d5 11. exd5 Nfxd5 12. Nxd5 Nxd5 13. Bd2 O-O 14.
O-O f5 15. f3 Bd7 16. Rfe1 Rae8 17. Bc4 Bc6 18. Bc3 e4 19. Rad1 Rd8 20. fxe4
fxe4 21. Rxe4 Kh8 22. Red4 Rf5 23. Bb3 Rd7 24. Re1 h6 25. Bd2 Nf6 26. Rxd7 Bxd7
27. Be6 Bxe6 28. Rxe6 Rd5 29. Bc3 Ng8 30. Kf2 Kh7 31. Ke3 Rd7 32. Bd4 Ne7 33.
g4 Nd5+ 34. Ke4 Nc7 35. Re5 Kg6 36. c4 Kf7 37. h4 Kg6 38. Bb6 Na8 39. Ba5 Nc7
40. b4 Kf7 41. Bxc7 Rxc7 42. Kd4 Kf6 43. a4 Rxc4+ 44. Kxc4 Kxe5 45. Kc5 Kf4 46.
Kb6 Kxg4 47. Kxb7 Kxh4 48. Kxa6 g5 49. b5 g4 50. b6 g3 51. b7 g2 52. b8=Q g1=Q
53. Qf4+ Kh5 54. Qf7+ Kh4 55. Qf4+ Kh5 56. Kb5 Qb1+ 57. Qb4 Qd3+ 58. Qc4 Qd7+
59. Qc6 Qd3+ 60. Ka5 Qd2+ 61. Ka6 Kg4 62. Qg6+ Kf3 63. a5 Qh2 64. Kb7 h5 65.
Qf5+ Ke3 66. Qc5+ Kf3 67. Qc6+ Kg4 68. a6 Qb2+ 69. Kc8 Qh8+ 70. Kc7 Qe5+ 71.
Qd6 Qa5+ 72. Kd7 h4 73. Qd4+ Kg3 74. a7 h3 75. Qe3+ Kg2 76. Qe4+ Kg1 77. a8=Q
Qxa8 78. Qxa8 h2 79. Qa1+ 1/2-1/2

[Event "4NCL Division 3 North"]
[Site "Bolton, ENG"]
[Date "2019.05.04"]
[Round "9.35"]
[White "Gissi, Alberto"]
[Black "Emmerton, Stephen J"]
[Result "1/2-1/2"]
[WhiteElo "1630"]
[BlackElo "1749"]
[PlyCount "93"]
[EventDate "2019.05.04"]
[WhiteTeam "Holmes Chapel"]
[BlackTeam "Cheddleton 2"]

1. e4 d5 2. exd5 Nf6 3. d4 Nxd5 4. c4 Nb6 5. Nc3 Nc6 6. Be3 Bf5 7. a3 e6 8. h3
Be7 9. Nf3 h6 10. Bd3 Bxd3 11. Qxd3 Bf6 12. Rd1 O-O 13. O-O Qe7 14. Ne4 Rad8
15. Nxf6+ Qxf6 16. Qc2 Ne7 17. b3 Nf5 18. Bc1 Nh4 19. Nxh4 Qxh4 20. Bb2 Nd7 21.
d5 Nf6 22. Qc3 exd5 23. cxd5 Qf4 24. Rd4 Qg5 25. Qxc7 Nxd5 26. Qxb7 Nf4 27. Qf3
Rxd4 28. Bxd4 Ne6 29. Bb2 Qd2 30. Bc1 Qa2 31. b4 Nd4 32. Qg4 Ne2+ 33. Kh1 Nxc1
34. Rxc1 Qxa3 35. Rc6 Qa1+ 36. Kh2 Qe5+ 37. f4 Qb5 38. Rxh6 Qxb4 39. Ra6 Qc5
40. h4 g6 41. h5 Qb5 42. Rxa7 Qxh5+ 43. Qxh5 gxh5 44. Kh3 Kg7 45. Kh4 Kh6 46.
f5 f6 47. Ra6 1/2-1/2

[Event "4NCL Division 3 North"]
[Site "Bolton, ENG"]
[Date "2019.05.04"]
[Round "9.36"]
[White "Launay, Maximilien"]
[Black "Jones, Dewi"]
[Result "1-0"]
[WhiteElo "1667"]
[BlackElo "1522"]
[PlyCount "93"]
[EventDate "2019.05.04"]
[WhiteTeam "Cheddleton 2"]
[BlackTeam "Holmes Chapel"]

1. e4 d5 2. exd5 Qxd5 3. Nc3 Qa5 4. d4 c6 5. Bc4 Bf5 6. Bd2 Qc7 7. Nf3 Nf6 8.
O-O e6 9. Re1 Nbd7 10. h3 Bd6 11. Rc1 O-O 12. Nh4 Rae8 13. Bb3 Nb6 14. Nxf5
exf5 15. Qf3 f4 16. Ne2 Ne4 17. Bxf4 Bxf4 18. Qxf4 Qxf4 19. Nxf4 Nd2 20. c3
Nxb3 21. axb3 Nd7 22. Nd3 Nf6 23. Ra1 Rxe1+ 24. Rxe1 Re8 25. Kf1 Ne4 26. Re2
Kf8 27. Ne5 Nf6 28. g4 Re7 29. f4 Ke8 30. Kf2 Nd5 31. Nd3 a5 32. Rxe7+ Kxe7 33.
Kf3 b6 34. Ne5 f6 35. Nxc6+ Kd7 36. Na7 Nc7 37. c4 g6 38. f5 Na6 39. Nb5 Nb4
40. Ke4 Nc2 41. Nc3 Nb4 42. Nd5 Nxd5 43. Kxd5 gxf5 44. gxf5 h6 45. h4 h5 46. c5
bxc5 47. Kxc5 1-0

[Event "4NCL Division 3 North"]
[Site "Bolton, ENG"]
[Date "2019.05.04"]
[Round "9.41"]
[White "Hodge, Steve R"]
[Black "Johnson, Paul A"]
[Result "1-0"]
[WhiteElo "1991"]
[BlackElo "1804"]
[PlyCount "137"]
[EventDate "2019.05.04"]
[WhiteTeam "Jorvik"]
[BlackTeam "Bradford DCA Knights B"]

1. e4 e5 2. Nf3 Nc6 3. Bb5 a6 4. Ba4 Nf6 5. Qe2 b5 6. Bb3 Be7 7. O-O d6 8. c3
Na5 9. Bc2 c5 10. Rd1 O-O 11. d4 Qc7 12. d5 Nc4 13. b3 Nb6 14. Nbd2 Re8 15. Nf1
g6 16. h3 Bf8 17. g4 Bg7 18. Ng3 Kh8 19. Kg2 Qd7 20. Be3 Rb8 21. Rh1 Qe7 22. g5
Nfxd5 23. exd5 Nxd5 24. Qd2 Nxc3 25. Qxc3 e4 26. Nd4 Bb7 27. Nge2 Rbc8 28. Qd2
cxd4 29. Nxd4 f5 30. gxf6 Qxf6 31. Rad1 Re5 32. b4 Bh6 33. Bb3 Bxe3 34. Qxe3
Rg5+ 35. Kf1 d5 36. Rg1 Re5 37. Ke2 Qd6 38. a3 Rf8 39. Rc1 Rf3 40. Qd2 Rxh3 41.
Qf4 Qe7 42. Rg3 Rh4 43. Qe3 Qf7 44. Rg5 Rh5 45. Rxh5 gxh5 46. Qg3 Re7 47. Qg5
Qg7 48. Qxg7+ Rxg7 49. Nf5 Rd7 50. Nd4 Kg7 51. Ne6+ Kf6 52. Nc5 Re7 53. Nxb7
Rxb7 54. Bxd5 Re7 55. Ke3 Kf5 56. Rh1 Kg4 57. Bxe4 h4 58. Rg1+ Kh5 59. f4 Rc7
60. Rg5+ Kh6 61. Rc5 Ra7 62. Rc6+ Kg7 63. Rb6 a5 64. Rb7+ Rxb7 65. Bxb7 axb4
66. axb4 h3 67. Kf2 Kf6 68. Bc8 Ke7 69. Bxh3 1-0

[Event "4NCL Division 3 North"]
[Site "Bolton, ENG"]
[Date "2019.05.04"]
[Round "9.42"]
[White "Dean, Robert A"]
[Black "Mounce, Richard B"]
[Result "0-1"]
[WhiteElo "1807"]
[BlackElo "1955"]
[PlyCount "72"]
[EventDate "2019.05.04"]
[WhiteTeam "Bradford DCA Knights B"]
[BlackTeam "Jorvik"]

1. e4 e5 2. Nf3 Nc6 3. Bb5 a6 4. Ba4 Nf6 5. O-O b5 6. Bb3 Bc5 7. c3 d6 8. d4
Bb6 9. h3 O-O 10. d5 Ne7 11. Nbd2 Bb7 12. Re1 c6 13. dxc6 Bxc6 14. Bc2 Qd7 15.
Nf1 Ng6 16. Ng3 Nf4 17. Be3 Bxe3 18. Rxe3 Rad8 19. Qe1 Qb7 20. Rd1 Rd7 21. Nf5
Rfd8 22. Kh2 g6 23. Nh6+ Kg7 24. Ng4 Nxg4+ 25. hxg4 h6 26. g3 Ne6 27. b4 f6 28.
Nd2 d5 29. exd5 Bxd5 30. Nb3 Bf3 31. Rxd7+ Rxd7 32. Rd3 Rxd3 33. Bxd3 Qd7 34.
Qe3 Ng5 35. Nc5 Qxg4 36. Bf1 Qh5+ 0-1

[Event "4NCL Division 3 North"]
[Site "Bolton, ENG"]
[Date "2019.05.04"]
[Round "9.43"]
[White "Cowan, Richard M"]
[Black "Slinger, Tony J"]
[Result "1-0"]
[WhiteElo "1912"]
[BlackElo "1859"]
[PlyCount "53"]
[EventDate "2019.05.04"]
[WhiteTeam "Jorvik"]
[BlackTeam "Bradford DCA Knights B"]

1. Nf3 d6 2. g3 g6 3. Bg2 Bg7 4. d4 Nf6 5. O-O O-O 6. b3 c6 7. Nbd2 Qa5 8. Bb2
Qh5 9. e4 Bh3 10. Re1 Bxg2 11. Kxg2 Qa5 12. Qe2 Nfd7 13. e5 dxe5 14. dxe5 Nc5
15. Nc4 Qc7 16. Nd4 b5 17. Nd2 a5 18. c4 b4 19. Rad1 Nba6 20. N2f3 Rad8 21. e6
f6 22. h4 Rd6 23. h5 g5 24. Qc2 Rfd8 25. h6 Bf8 26. Qf5 Qc8 27. Nxg5 1-0

[Event "4NCL Division 3 North"]
[Site "Bolton, ENG"]
[Date "2019.05.04"]
[Round "9.44"]
[White "Winter, Kevin"]
[Black "Anderson, Paul W"]
[Result "1/2-1/2"]
[WhiteElo "1748"]
[BlackElo "1757"]
[PlyCount "47"]
[EventDate "2019.05.04"]
[WhiteTeam "Bradford DCA Knights B"]
[BlackTeam "Jorvik"]

1. e4 g6 2. d4 Bg7 3. Nc3 d6 4. f4 Nd7 5. Nf3 a6 6. Bd3 b5 7. Be3 Bb7 8. O-O
Ngf6 9. e5 Nd5 10. Nxd5 Bxd5 11. Qe1 O-O 12. a4 c5 13. c3 c4 14. Be2 Qc7 15.
Qh4 f6 16. exd6 Qxd6 17. Nd2 Qe6 18. Qf2 f5 19. Nf3 Nf6 20. Ne5 Ne4 21. Qe1
Rfb8 22. Bc1 Qd6 23. Qh4 b4 24. Qe1 1/2-1/2

[Event "4NCL Division 3 North"]
[Site "Bolton, ENG"]
[Date "2019.05.04"]
[Round "9.45"]
[White "Andrews, Norman G"]
[Black "Tait, Bill"]
[Result "0-1"]
[WhiteElo "1609"]
[BlackElo "1695"]
[PlyCount "77"]
[EventDate "2019.05.04"]
[WhiteTeam "Jorvik"]
[BlackTeam "Bradford DCA Knights B"]

1. e4 c6 2. Nc3 d5 3. exd5 cxd5 4. d4 Bf5 5. Nf3 Nc6 6. Bb5 a6 7. Ba4 b5 8. Bb3
e6 9. O-O Nf6 10. a4 b4 11. Ne2 Be7 12. Nf4 h6 13. Nd3 O-O 14. Nde5 Qc7 15. Bf4
Bd6 16. Qe1 Rfc8 17. Rc1 Ne4 18. Bg3 Na5 19. Nd2 Nxb3 20. Nxb3 Nxg3 21. hxg3
Bxe5 22. dxe5 Qb6 23. Qe2 Rc4 24. Rfd1 Re4 25. Qd2 Rxe5 26. Nd4 Rc8 27. Kf1 Bg6
28. Re1 Rxe1+ 29. Kxe1 Rc4 30. Nf3 Qc7 31. Kd1 Bh5 32. b3 Rc3 33. Qe2 a5 34.
Kd2 d4 35. Qe4 d3 36. Ne1 Bg6 37. Qd4 dxc2 38. f4 Rxb3 39. Nxc2 0-1

[Event "4NCL Division 3 North"]
[Site "Bolton, ENG"]
[Date "2019.05.04"]
[Round "9.51"]
[White "Dobson, Graham"]
[Black "Jones, Neil T"]
[Result "0-1"]
[WhiteElo "2012"]
[BlackElo "1840"]
[PlyCount "80"]
[EventDate "2019.05.04"]
[WhiteTeam "Manchester Manticores 3"]
[BlackTeam "Manchester Manticores 4"]

1. g3 d5 2. Bg2 Nf6 3. c4 c6 4. cxd5 cxd5 5. b3 Bf5 6. Bb2 e6 7. Nf3 h6 8. O-O
Be7 9. d3 O-O 10. Nbd2 Nc6 11. Re1 Bh7 12. Nd4 Rc8 13. Nxc6 bxc6 14. Rc1 c5 15.
e4 Bg6 16. h3 Qd7 17. Qe2 Bd8 18. Qe3 Re8 19. d4 cxd4 20. Bxd4 e5 21. Bb2 Bb6
22. Qd3 Rcd8 23. Qe2 Nxe4 24. Nxe4 Bxe4 25. Bxe4 dxe4 26. Kh2 Qf5 27. Kg2 Rd3
28. Rc2 e3 29. f3 Red8 30. Bc1 h5 31. h4 Kh7 32. g4 hxg4 33. fxg4 Qf4 34. Rf1
Qe4+ 35. Kg3 R8d7 36. Rf3 f6 37. Rf5 Rd8 38. h5 Rd1 39. Rf1 Rxf1 40. Qxf1 Qxc2
0-1

[Event "4NCL Division 3 North"]
[Site "Bolton, ENG"]
[Date "2019.05.04"]
[Round "9.52"]
[White "Lonsdale, Jon I"]
[Black "Tyton, Adam"]
[Result "0-1"]
[WhiteElo "1832"]
[BlackElo "1930"]
[PlyCount "60"]
[EventDate "2019.05.04"]
[WhiteTeam "Manchester Manticores 4"]
[BlackTeam "Manchester Manticores 3"]

1. e4 c6 2. d4 d5 3. exd5 cxd5 4. c4 Nf6 5. Nc3 e6 6. Nf3 Bb4 7. cxd5 Nxd5 8.
Qc2 Nc6 9. a3 Be7 10. Bd3 h6 11. O-O Bf6 12. Nxd5 Qxd5 13. Rd1 O-O 14. Be4 Qd6
15. Be3 Ne7 16. d5 exd5 17. Rac1 Be6 18. Bc5 Qd7 19. Bh7+ Kh8 20. Bd3 Rac8 21.
Qe2 b6 22. Bd4 Bxd4 23. Nxd4 Rxc1 24. Rxc1 Nf5 25. Bxf5 Bxf5 26. Qe5 Be6 27.
Rc7 Rc8 28. Rxc8+ Qxc8 29. h3 Qc1+ 30. Kh2 Qxb2 0-1